| 000 | 01596cam a22003974a 4500 | ||
|---|---|---|---|
| 001 | UByD003327 | ||
| 003 | AR-LpoUNG | ||
| 005 | 20241119114822.0 | ||
| 008 | 170330s2016 ag b 000 0 spa d | ||
| 010 | _a 2017371094 | ||
| 020 | _a9789871889877 | ||
| 040 |
_aAR-BaFGC _bspa _cAR-BaFGC _eaacr _dAR-LpoUNG |
||
| 041 | 0 | _aspa | |
| 042 | _alccopycat | ||
| 043 | _as-ag--- | ||
| 082 | 0 | _a982.066 375ren | |
| 100 | 1 |
_aFerrari, Marcela P. _ecomp. |
|
| 245 | 1 | 3 |
_aLa renovación peronista : _borganización partidaria, liderazgos y dirigentes, 1983-1991 |
| 250 | _a1ra. ed. | ||
| 260 |
_aBuenos Aires : _bUniversidad Nacional de Tres de Febrero, _c2016. |
||
| 300 | _a334 p. | ||
| 504 | _aIncluye referencias bibliográficas. | ||
| 505 | 0 | _aLa Renovación peronista como problema de estudio / Marcela Ferrari y Virginia Mellado -- Mendoza / Virginia Mellado -- Misiones / Norma Álvarez -- San Juan / Cintia Rodrigo -- Jujuy / Adriana Kindgard -- Santa Fe / Marcelino Maina -- Córdoba / Gabriela Closa -- La ciudad de Buenos Aires / Osvaldo Luoni -- Santa Cruz / Aixa Bona y Juan Vilaboa -- La provincia de Buenos Aires / Marcela Ferrari -- La Renovación peronista : una agenda enriquecida / María Teresa Brachetta. | |
| 648 | 4 | _aSIGLO XX | |
| 650 | 4 | _aHISTORIA ARGENTINA | |
| 650 | 4 | _aHISTORIA POLITICA | |
| 650 | 4 | _aHISTORIA NACIONAL | |
| 650 | 4 | _aGOBIERNO | |
| 650 | 4 | _aPERONISMO | |
| 650 | 4 | _aPARTIDO JUSTICIALISTA | |
| 650 | 4 | _aDEMOCRACIA | |
| 650 | 4 | _aPARTIDOS POLITICOS | |
| 651 | 4 | _aARGENTINA | |
| 700 | 1 |
_aMellado, Virginia, _ecomp. |
|
| 942 |
_2ddc _cLIB |
||
| 999 |
_c65215 _d65215 |
||